[Event "Cearense Classic op"]
[Site "Fortaleza"]
[Date "2017.09.08"]
[Round "2"]
[White "Nunes, Moezio Correia"]
[Black "Moreira, Mauricio Rocancourt"]
[Result "0-1"]
[WhiteElo "1868"]
[BlackElo "1961"]
[PlyCount "98"]
[EventDate "2017.09.07"]
[EventType "swiss"]
[EventRounds "6"]
[EventCountry "BRA"]
[SourceTitle "EXT 2019"]
[Source "ChessBase"]
[SourceDate "2018.10.10"]
[SourceVersion "1"]
[SourceVersionDate "2018.10.10"]
[SourceQuality "1"]

1. e4 c5 2. b4 cxb4 3. d4 d5 4. e5 Nc6 5. a3 Qb6 6. Nf3 Bg4 7. Be3 e6 8. axb4 Qxb4+ 9. c3 Qb2 10. Qa4 Bxf3 11. gxf3 Qb6 12. Bd3 g6 13. 0-0 Nh6 14. Na3 Nf5 15. Bg5 Bg7 16. Rfb1 Qc7 17. Nb5 Qd7 18. Bxf5 0-0 19. Bd3 Bxe5 20. dxe5 Nxe5 21. Nd4 Qxa4 22. Rxa4 Nxd3 23. Rxb7 Nc5 24. Raxa7 Nxb7 25. Rxb7 Rfc8 26. Bf6 Rxc3 27. Nf5 Rc1+ 28. Kg2 gxf5 29. h4 h5 30. f4 Rc4 31. Be5 Rca4 32. Rb3 Kh7 33. Rb7 R4a7 34. Rb3 Rg8+ 35. Kf3 Kg6 36. Rb6 Re8 37. Rb1 Kh7 38. Bf6 Ra3+ 39. Ke2 Rc8 40. Rb7 Kg6 41. Be5 Rca8 42. Rb1 Ra2+ 43. Kf3 R2a3+ 44. Kg2 f6 45. Bd4 R8a4 46. Be3 d4 47. Bc1 Ra1 48. Rxa1 Rxa1 49. Bb2 Ra4 0-1

[Event "Fortaleza Monte Cup"]
[Site "Fortaleza"]
[Date "2017.04.23"]
[Round "5"]
[White "Correia, Mario Rui Costa"]
[Black "Moreira, Mauricio Rocancourt"]
[Result "1-0"]
[WhiteElo "2072"]
[BlackElo "1925"]
[PlyCount "77"]
[EventDate "2017.04.21"]
[EventType "swiss"]
[EventRounds "6"]
[EventCountry "BRA"]
[SourceTitle "CBM 178 Extra"]
[Source "ChessBase"]
[SourceDate "2017.06.22"]
[SourceVersion "1"]
[SourceVersionDate "2017.06.22"]
[SourceQuality "1"]

1. Nf3 Nf6 2. d4 g6 3. Bf4 Bg7 4. e3 0-0 5. Be2 d6 6. h3 Nbd7 7. 0-0 b6 8. a4 a5 9. Na3 Bb7 10. c3 Ne4 11. Qb3 e6 12. Rfd1 g5 13. Bh2 Ndf6 14. Nd2 Nxd2 15. Rxd2 Ne4 16. Rdd1 Qe7 17. f3 Nf6 18. Nc2 h5 19. g4 hxg4 20. hxg4 Nd7 21. e4 e5 22. Ne3 Bc8 23. Nf5 Qf6 24. Kg2 Re8 25. Bb5 exd4 26. cxd4 Qe6 27. Bc4 Qf6 28. Bd5 Rb8 29. Bc6 Re6 30. Qb5 Nf8 31. e5 dxe5 32. Bxe5 Rxc6 33. Bxf6 Rc2+ 34. Kg3 Bxf6 35. Qb3 Re2 36. Nh6+ Kh7 37. Qxf7+ Bg7 38. Nf5 Bxf5 39. Rh1+ 1-0